000 00823nam a22002537a 4500
003 UA-OsUOA
001 26451
007 ta
008 20040602b un ||||| |||| 00| 0 ukr d
100 _aБех І.Д.
090 _a37.013(075.8)
_bБ55
942 _cBK
040 _aUA-OsUOA
_bukr
_cUA-OsUOA
_dUA-OsUOA
245 _aВиховання особистості. У двох книгах
_bНавчально-методичний посібник
_cОсобистісно орієнтований підхід: теоретико-технологічні засади
300 _a280 с.
955 _a0
041 _aukr
080 _a37.013(075.8)
020 _a966-06-0297-9
260 _aКиїв
_bЛибідь
_c203
246 3 1 _aКнига 1
_n
044 _aUA
650 7 _aВиховна робота
_2UDC
999 _c312775
_d312775